MDQL
is popping MORE tags! Check the
thread
!
Quizzes
Events
Quiz Creation
Community
Videos
Private Events
Remove Ads
Sign In
Join for FREE
Feedback
Dark Mode
Quiz Categories
Sports
Geography
Music
Movies
Television
Just For Fun
Miscellaneous
History
Literature
Language
Science
Gaming
Entertainment
Religion
Holiday
For Kids
Quiz Lab
Recent
Popular Today
Quiz Kudos Today
Editor Picks
Curator Picks
Quizzes by...
Day
Popularity
Type
Ratings
Length
Year
Community
Subscriptions
Recent Discussions
Orange Saloon
Badges
Playlists
Quests
Create
Leaderboards
Showdown
Live 5
Trivia Bingo
Activity
Puzzle Library
Sporcle Events
Private Events
Virtual Trivia
Globe League
Become a Host
Pub Owners
SporcleCon
Opinionation
Our Games
Videos
Blog
Mobile Apps
Partnerships
Remove Ads and Go Orange
Feedback
Sports
Athletes
MLB
NBA
NHL
NFL
Soccer
Sports Teams
WWE
NCAA
Football
Premier League
Basketball
Baseball
Hockey
Golf
Tennis
Cricket
Rugby
Auto Racing
Olympics
World Cup
Sports
Athletes
MLB
NBA
NHL
NFL
Soccer
Sports Teams
WWE
NCAA
Football
Premier League
Basketball
Baseball
Hockey
Golf
Tennis
Cricket
Rugby
Auto Racing
Olympics
World Cup
Random Quiz
Search Sporcle
×
Quiz Lab
Quiz Lab
Sports
Jersey
Type in answers that appear in a list
Type in answers that appear in a list
Classic
Best Score? Go Orange.
Super Bowl Home Jerseys Stats
Can you name the team that wore their traditional home jerseys for each Super Bowl?
By
Blueflames
12m
56 Questions
53 Plays
53 Plays
53 Plays
Comments
Comments
Give Quiz Kudos
Give Quiz Kudos
-
- Ratings
hide this ad
Forced Order
Answers have to be entered in order
Answers have to be entered in order
Replay
Link that replays current quiz
Next Quiz
Link to next quiz in quiz playlist
You Got
0%
They Got
Avg Score
64%
Avg Friend Score
Upgrade to see
Score Distribution
Jump to the score distribution portion of the page
Score
0/56
Timer
12:00
0
Plays Today
Year
Team
% Correct
2018
Philadelphia Eagles
100%
2021
Kansas City Chiefs
100%
1967
Green Bay Packers
90.6%
2011
Green Bay Packers
81.1%
2013
San Francisco 49ers
81.1%
2019
Los Angeles Rams
80%
2020
Kansas City Chiefs
80%
1968
Oakland Raiders
79.2%
2004
New England Patriots
79.2%
2006
Seattle Seahawks
79.2%
2008
New England Patriots
79.2%
2012
New England Patriots
79.2%
2014
Denver Broncos
79.2%
1969
Baltimore Colts
77.4%
2002
New England Patriots
77.4%
2005
Philadelphia Eagles
77.4%
2007
Chicago Bears
77.4%
2010
Indianapolis Colts
77.4%
2000
Tennessee Titans
75.5%
2001
New York Giants
75.5%
2003
Tampa Bay Buccaneers
75.5%
2009
Arizona Cardinals
75.5%
1970
Kansas City Chiefs
73.6%
1971
Dallas Cowboys
73.6%
1976
Pittsburgh Steelers
73.6%
1980
Pittsburgh Steelers
73.6%
1998
Denver Broncos
73.6%
2015
Seattle Seahawks
72.7%
Year
Team
% Correct
1972
Miami Dolphins
71.7%
1973
Washington Redskins
71.7%
1978
Denver Broncos
71.7%
1979
Dallas Cowboys
71.7%
1981
Philadelphia Eagles
71.7%
1983
Washington Redskins
71.7%
1984
Oakland Raiders
71.7%
1993
Dallas Cowboys
71.7%
1995
San Francisco 49ers
71.7%
1997
Green Bay Packers
71.7%
1974
Miami Dolphins
69.8%
1985
San Francisco 49ers
69.8%
1987
New York Giants
69.8%
1988
Denver Broncos
69.8%
1990
Denver Broncos
69.8%
1991
New York Giants
69.8%
1992
Buffalo Bills
69.8%
1994
Buffalo Bills
69.8%
1975
Minnesota Vikings
67.9%
1989
San Francisco 49ers
67.9%
2016
Carolina Panthers
66.7%
2022
Cincinnati Bengals
66.7%
1977
Minnesota Vikings
66%
1982
Cincinnati Bengals
66%
1986
New England Patriots
66%
1996
Pittsburgh Steelers
66%
1999
Atlanta Falcons
64.2%
2017
Atlanta Falcons
62.5%
Quiz Playlist
Details
Report
Send in Message
Add To Playlist
Classic:
Type in answers that appear in a list
Forced Order:
Answers have to be entered in order
Last Updated: Feb 1, 2021
Quiz Scoreboard
CHALLENGE
Sign Up to Join the Scoreboard
Show All
Scores
Hide
Comments
May contain spoilers
Recently Published
Street Fighter Characters
by Artimus82
Gaming
60s
9x9 Crossword: Cartoon Network
by jackfrog10
Miscellaneous
3m
College Basketball Coaching Resumes
by pancakes188
Sports
9m
More to Explore
Quiz From the Vault
Featured Blog Post
Where Did the Easter Bunny Come From?
hide this ad
You Might Also Like...
Tags
Bowl
home
Jersey
Super Bowl
team
Wore
Today's Top Quizzes in Sports
Browse Sports
hide this ad
Today's Top Quizzes in Jersey
Browse Jersey
Top Contributed Quizzes in Sports
1
2022 World Cup Stars
2
Les meilleurs buteurs des matchs entre le PSG et l’OM
3
FIFA Club World Cup Champions
4
Les entraîneurs de l'OM et du PSG au 21e siècle
5
Criteria MLB: Left Handed Sluggers
6
2023 MLB Unique Player Accomplishments
7
AFC Teams Reveal (Wrong Answers Minefield)
8
Players with Multiple 50 Home Run Seasons
9
5-to-1: FBS Animal Nicknames
10
5-to-1: UK Sports Teams
Explore More
Trending Topics
Marvel
Disney
Crossword
Harry Potter
NBA
Anime
Kpop
The Office
Puzzle
WWE
Song
NFL
Country
Soccer
Pokémon
hide this ad
More By:
Blueflames
Quiz
Plays
Rating
Category
Featured
Created
50 Worst NBA Teams
1,353
3.63
Sports
May 9, 2015
Finish The Eminem Lyric (Clickable)
644
4.67
Music
Feb 17, 2017
MLB Stadiums (Redux)
494
4.75
Sports
Jun 26, 2015
NFL Jersey & Helmet Color Combinations
318
3.33
Sports
Nov 13, 2015
Complete the Stadium Name
113
4.00
Sports
Aug 2, 2016
Go to Creator's Profile
Score Distribution
Quiz Creator Spotlight
Blueflames
Follow
Send a Message
Quizzes Created
-
Created Quiz Play Count
-
More By This Creator
Popular Quizzes Today
1
Find the US States - No Outlines Minefield
2
Find the Countries of Europe - No Outlines Minefield
3
The Countries of the World
4
Find the US States
5
Risky Map Clicking: Biggest States A-Z
6
US States
7
Popular People in 1961
8
Movies - When Are They Set?
More Sports Quizzes
American Athletes Speed Sorting
Published
Trending Quizzes
Risky Map Clicking: Least Populous States A-Z
1-10 Letter G Words
Risky Map Clicking: Next State Alphabetically
Adjectives in 80s TV Shows
The Seven Year Switch: Catherine
Recently Updated
Leaping Animals
pecheneg
Reality TV Shows (A-Z)
bhenderson79
Rickey Henderson's Hall of Fame Teammates
pecheneg
Champions League XIs: Arsenal
pecheneg
Quick Pick: Celebrities in WWE's Hall of Fame
aduchscher
A-Z Keypad Blitz II
pecheneg
Multiple Oscar Actors
pecheneg
Mystery Phrase Blitz: Oscar 'Best Actors'
pecheneg
F. Scott Fitzgerald Novels
LTH
Pick 3 Villains
ddd62291
Trending Topics
NBA
Marvel
Harry Potter
Anime
Kpop
Disney
Crossword
Pokémon
The Office
Song
WWE
Puzzle
NFL
Soccer
Country
Your Account Isn't Verified!
In order to create a playlist on Sporcle, you need to verify the email address you used during registration. Go to your
Sporcle Settings
to finish the process.
Report this User
Report this user for behavior that violates our
Community Guidelines
.
Details:
Send Report
Go to the Sporcle.com Mobile Site →
Comments